000
00246nmm a2200097Ia 4500
008
220120s9999||||xx |||||||||||||||||und||
082
_a
621.3827 AGR
100
_a
Agrawal, Govind, P.
245
0
_a
Fiber optic communication systems
260
_c
2002
999
_c
139029
_d
139029